BUBT Library Online Catalog

Fundamentals Of Spun Yarn Technology (Record no. 5431)

000 -LEADER
fixed length control field 00493nam a22001817a 4500
003 - CONTROL NUMBER IDENTIFIER
control field BUBTL
008 - FIXED-LENGTH DATA ELEMENTS--GENERAL INFORMATION
fixed length control field 170313b xxu||||| |||| 00| 0 eng d
020 ## - INTERNATIONAL STANDARD BOOK NUMBER
International Standard Book Number 1-56676-821-7
082 ## - DEWEY DECIMAL CLASSIFICATION NUMBER
Classification number 677.02862LAF
100 ## - MAIN ENTRY--PERSONAL NAME
9 (RLIN) 1119
Personal name Lawrence,Carl A.
245 ## - TITLE STATEMENT
Title Fundamentals Of Spun Yarn Technology
260 ## - PUBLICATION, DISTRIBUTION, ETC. (IMPRINT)
Place of publication, distribution, etc. London
Name of publisher, distributor, etc. CRC press
Date of publication, distribution, etc. c2003
300 ## - PHYSICAL DESCRIPTION
Extent 400p.
Other physical details ills.
Dimensions 21cm.
650 #0 - SUBJECT ADDED ENTRY--TOPICAL TERM
9 (RLIN) 1118
Topical term or geographic name as entry element Textile Engineering
856 ## - ELECTRONIC LOCATION AND ACCESS
Password 0
Logon 0
Link text Download
942 ## - ADDED ENTRY ELEMENTS (KOHA)
Source of classification or shelving scheme
Koha item type Books
Holdings
Withdrawn status Lost status Source of classification or shelving scheme Damaged status Not for loan Collection code Permanent location Current location Shelving location Date acquired Inventory number Total Checkouts Full call number Barcode Date last seen Copy number Price effective from Koha item type
        Not For Loan Non-fiction Bangladesh University of Business and Technology Library Bangladesh University of Business and Technology Library Textile Engineering Stacks 09/20/2015 21317   677.02862LAF BUBTL-200321317 03/13/2017 C-1 03/13/2017 Books
          Non-fiction Bangladesh University of Business and Technology Library Bangladesh University of Business and Technology Library Textile Engineering Stacks 09/20/2015 21319   677.02862LAF BUBTL-200321319 03/13/2017 C-2 03/13/2017 Books
        Not For Loan Non-fiction Bangladesh University of Business and Technology Library Bangladesh University of Business and Technology Library Textile Engineering Stacks 09/20/2015 21318   677.02862LAF BUBTL-200321318 03/13/2017 C-3 03/13/2017 Books
        Not For Loan Non-fiction Bangladesh University of Business and Technology Library Bangladesh University of Business and Technology Library Textile Engineering Stacks 04/23/2017 23980   677.02862LAF BUBTL-200323980 05/30/2017 C-4 05/30/2017 Books
          Non-fiction Bangladesh University of Business and Technology Library Bangladesh University of Business and Technology Library Textile Engineering Stacks 04/23/2017 23981   677.02862LAF BUBTL-200323981 05/30/2017 C-5 05/30/2017 Books
          Non-fiction Bangladesh University of Business and Technology Library Bangladesh University of Business and Technology Library Textile Engineering Stacks 04/23/2017 23982   677.02862LAF BUBTL-200323982 05/30/2017 C-6 05/30/2017 Books

More Information About Library

Library Hours

  • Open: 9.00 am. to 9.00 pm.
  • Only Sunday: 9.00 am. to 6.00 pm.
  • Closed: Holiday

Contact to the University

Bangladesh University of Business and Technology Library

  • Mirpurl-2, 1216.
  • Phone:
  • Fax:
  • E-Mail: admin.library@bubt.edu.bd

Contact to the Library

Contact Person:

Md. Abdul Hakim Shah
Joint Librarian
PABX No:  113
Cell No: 01816332931
E-mail: official: admin.library@bubt.edu.bd
Personal: hakim.shah@bubt.edu.bd


BUBT Library

Copyright © 2021